Quick Pick: Summer Olympic Host Cities Quiz Stats

 Plays Quiz Updated Feb 1, 2017

Support Sporcle.
Go Orange.
Score 0/10 Timer 01:00
0 Plays Today
% Correct
Los Angeles
93.6%
Rome
90.2%
Berlin
89.8%
Paris
88%
Mexico City
87.8%
Tokyo
84.7%
Melbourne
74.7%
Stockholm
61.7%
Helsinki
57.4%
Antwerp
50.5%

Today's Daily Dose

You're not logged in!

Compare scores with friends on all Sporcle quizzes.
OR
Log In
Forgot?

From the Vault

Amino Acids by Picture

by sproutcm

Amino acids are molecules containing an amine group, a carboxylic acid group, and a side-chain that is specific to each amino acid. We also here that they give you a pretty wicked trip.
Remove Ads.
Support Sporcle.
Get the best of Sporcle when you Go Orange. This ad-free experience offers more features, more stats, and more fun while also helping to support Sporcle. Thank you for becoming a member.

Show Comments

Extras

Top Quizzes Today


Score Distribution

Your Account Isn't Verified!

In order to create a playlist on Sporcle, you need to verify the email address you used during registration. Go to your Sporcle Settings to finish the process.

Report this User

Report this user for behavior that violates our Community Guidelines.

Details: